[Event "SLO-ch U10 Girls"]
[Site "Ptuj"]
[Date "2017.03.01"]
[Round "5"]
[White "Premk, Jasna"]
[Black "Brinovec, Lucy"]
[Result "0-1"]
[WhiteElo "1511"]
[BlackElo "1046"]
[PlyCount "60"]
[EventDate "2017.02.27"]
[EventType "swiss"]
[EventRounds "9"]
[EventCountry "SLO"]
[SourceTitle "CBM 177 Extra"]
[Source "ChessBase"]
[SourceDate "2017.04.27"]
[SourceVersion "1"]
[SourceVersionDate "2017.04.27"]
[SourceQuality "1"]

1. e4 e5 2. Nf3 Nc6 3. Nc3 Nf6 4. Bb5 Bc5 5. 0-0 0-0 6. d3 h6 7. h3 d5 8. Bxc6 bxc6 9. Nxe5 Qd6 10. Bf4 Qe6 11. d4 Bd6 12. Qf3 Ba6 13. Rfe1 Rab8 14. Qg3 Nh5 15. Qh4 Nxf4 16. Qxf4 f6 17. Re3 fxe5 18. Qh4 exd4 19. Ree1 dxc3 20. bxc3 Bc5 21. Rad1 Qf7 22. Rd2 Rbe8 23. e5 Bc4 24. Rdd1 Bxf2+ 25. Kh1 Bxh4 26. Re3 Qf2 27. Rde1 Bg3 28. Rg1 Qxe3 29. a3 Qxg1+ 30. Kxg1 Rf1# 0-1